Vijay Amritraj : (Record no. 129724)

MARC details
000 -LEADER
fixed length control field 00635nam a22002177a 4500
005 - DATE AND TIME OF LATEST TRANSACTION
control field 20170124110101.0
010 ## - LIBRARY OF CONGRESS CONTROL NUMBER
LC control number A-423481
020 ## - INTERNATIONAL STANDARD BOOK NUMBER
Terms of availability 100.00
035 ## - SYSTEM CONTROL NUMBER
System control number A-423481
037 ## - SOURCE OF ACQUISITION
Source of stock number/acquisition Cen Lib/Ret
040 ## - CATALOGING SOURCE
Original cataloging agency DPL
Language of cataloging EN
082 ## - DEWEY DECIMAL CLASSIFICATION NUMBER
Classification number 921
Item number EVA
100 ## - MAIN ENTRY--PERSONAL NAME
Personal name Evans, Richard
9 (RLIN) 27216
245 ## - TITLE STATEMENT
Title Vijay Amritraj :
Statement of responsibility, etc by Richard Evans
Remainder of title an autobiography /
260 ## - PUBLICATION, DISTRIBUTION, ETC. (IMPRINT)
Place of publication, distribution, etc Calcutta
Name of publisher, distributor, etc Rupa
Date of publication, distribution, etc 1990
270 ## - ADDRESS
City Calcutta
Address 15 Bankim Chatterjee
Postal code 700073
300 ## - PHYSICAL DESCRIPTION
Extent 315p.
Dimensions 22cm(Hb)
650 ## - SUBJECT ADDED ENTRY--TOPICAL TERM
Topical term or geographic name as entry element Amritraj, Vijay, -- 1953-
9 (RLIN) 27217
650 ## - SUBJECT ADDED ENTRY--TOPICAL TERM
Topical term or geographic name as entry element Tennis players -- India -- Biography
9 (RLIN) 27218
942 ## - ADDED ENTRY ELEMENTS (KOHA)
Source of classification or shelving scheme Dewey Decimal Classification
Koha item type English Books
Classification part 921
Call number suffix EVA
Holdings
Withdrawn status Lost status Damaged status Not for loan Home library Current library Date acquired Source of acquisition Cost, normal purchase price Total Checkouts Full call number Barcode Date last seen Copy number Cost, replacement price Price effective from Koha item type
        Central Library Central Library 07/07/2015 Cen Lib/Ret 100.00   921 EVA A-423481 07/07/2015 1 100.00 07/07/2015 English Books

© Delhi Public Library
Hit Counter
free hit counter